[Event "Oberliga Ost-B 1920"]
[Site "Germany"]
[Date "2019.12.07"]
[Round "4.1"]
[White "Mazurek, Robert"]
[Black "Jarmula, Lukasz"]
[Result "1/2-1/2"]
[WhiteElo "2215"]
[BlackElo "2445"]
[PlyCount "50"]
[EventDate "2019.09.29"]
[EventType "team-tourn"]
[EventRounds "11"]
[EventCountry "GER"]
[SourceTitle "EXT 2021"]
[Source "ChessBase"]
[SourceDate "2020.10.23"]
[SourceVersion "1"]
[SourceVersionDate "2020.10.23"]
[SourceQuality "1"]
[WhiteTeam "Gernsheim"]
[BlackTeam "Griesheim"]
[WhiteTeamCountry "GER"]
[BlackTeamCountry "GER"]

1. d4 Nf6 2. c4 g6 3. Nc3 d5 4. e3 Bg7 5. Qb3 c6 6. Nf3 0-0 7. Be2 b6 8. cxd5 Nxd5 9. 0-0 Nxc3 10. bxc3 c5 11. dxc5 bxc5 12. Ba3 Nd7 13. Qa4 Bxc3 14. Rac1 Qa5 15. Qxa5 Bxa5 16. Bxc5 Nxc5 17. Rxc5 Bb6 18. Rcc1 Be6 19. Bc4 Bxc4 20. Rxc4 Rfd8 21. Rfc1 Rd3 22. Kf1 Ra3 23. Rc8+ Rxc8 24. Rxc8+ Kg7 25. Rc2 f6 1/2-1/2

[Event "Oberliga Ost-B 1920"]
[Site "Germany"]
[Date "2019.11.17"]
[Round "3.1"]
[White "Gerhardt, Frank"]
[Black "Mazurek, Robert"]
[Result "1-0"]
[WhiteElo "2205"]
[BlackElo "2215"]
[PlyCount "85"]
[EventDate "2019.09.29"]
[EventType "team-tourn"]
[EventRounds "11"]
[EventCountry "GER"]
[SourceTitle "EXT 2021"]
[Source "ChessBase"]
[SourceDate "2020.10.23"]
[SourceVersion "1"]
[SourceVersionDate "2020.10.23"]
[SourceQuality "1"]
[WhiteTeam "Liebschwitz"]
[BlackTeam "Gernsheim"]
[WhiteTeamCountry "GER"]
[BlackTeamCountry "GER"]

1. e4 e5 2. Nf3 Nc6 3. Bb5 Nge7 4. c3 a6 5. Ba4 g6 6. d4 b5 7. Bb3 Bg7 8. dxe5 Nxe5 9. Nxe5 Bxe5 10. Bh6 Nc6 11. Qd5 Qh4 12. Qxf7+ Kd8 13. Be3 Qxe4 14. Nd2 Qf5 15. Qxf5 gxf5 16. Bg5+ Ne7 17. Nf3 Bg7 18. 0-0-0 h6 19. Bh4 Rf8 20. Nd4 Ke8 21. Rhe1 Bf6 22. Nxf5 Bxh4 23. Nxh4 Rf6 24. Re2 Kf8 25. Rde1 Re6 26. Bxe6 dxe6 27. f4 Nd5 28. g3 Kf7 29. Nf3 c5 30. Ne5+ Kg7 31. Nd3 c4 32. Nc5 b4 33. Kc2 bxc3 34. bxc3 Kf6 35. Nxe6 Bd7 36. Re5 Nb6 37. Nc7 Rd8 38. Re6+ Kf5 39. Rxb6 Ba4+ 40. Kc1 Rd3 41. Rxa6 Rxc3+ 42. Kb2 Rc2+ 43. Kb1 1-0

[Event "Oberliga Ost-B 1819"]
[Site "Germany"]
[Date "2018.12.16"]
[Round "5.7"]
[White "Mazurek, Robert"]
[Black "Sergin, Mark"]
[Result "1-0"]
[WhiteElo "2169"]
[BlackElo "2163"]
[PlyCount "107"]
[EventDate "2018.10.21"]
[EventType "team-tourn"]
[EventRounds "11"]
[EventCountry "GER"]
[SourceTitle "EXT 2020"]
[Source "ChessBase"]
[SourceDate "2019.10.17"]
[SourceVersion "1"]
[SourceVersionDate "2019.10.17"]
[SourceQuality "1"]
[WhiteTeam "Gernsheim"]
[BlackTeam "Neuberg"]
[WhiteTeamCountry "GER"]
[BlackTeamCountry "GER"]

1. d4 Nf6 2. c4 c5 3. d5 e6 4. Nc3 exd5 5. cxd5 d6 6. e4 g6 7. f4 Bg7 8. Nf3 0-0 9. Be2 Re8 10. e5 dxe5 11. fxe5 Ng4 12. e6 fxe6 13. d6 a6 14. Bg5 Bf6 15. Ne4 Bxg5 16. Nfxg5 Ne3 17. Qb3 Nxg2+ 18. Kd1 Nf4 19. Rf1 Rf8 20. Bg4 Nc6 21. Qe3 Ng2 22. Rxf8+ Qxf8 23. Qh3 Qf1+ 24. Kd2 Qf4+ 25. Ke2 Nd4+ 26. Kd3 Qxg5 27. Nxg5 Nf4+ 28. Kc4 Nxh3 29. Bxh3 Bd7 30. Ne4 Bc6 31. Nxc5 e5 32. Re1 Nf3 33. Be6+ Kg7 34. Rd1 Kf6 35. Bd5 b5+ 36. Kc3 Bxd5 37. Rxd5 Nd4 38. d7 Rd8 39. Nb7 Ke6 40. Nxd8+ Kxd5 41. Nf7 Ne6 42. d8Q+ Nxd8 43. Nxd8 Ke4 44. Ne6 Kf5 45. Nc5 Kg4 46. Nxa6 Kh3 47. Nc7 Kxh2 48. Nxb5 g5 49. Kd3 g4 50. Nc3 e4+ 51. Nxe4 h5 52. b4 h4 53. b5 g3 54. Nxg3 1-0

[Event "Oberliga Ost-B 1718"]
[Site "Germany"]
[Date "2018.04.14"]
[Round "10.2"]
[White "Mazurek, Robert"]
[Black "Siebarth, Raiko"]
[Result "1/2-1/2"]
[WhiteElo "2152"]
[BlackElo "2288"]
[PlyCount "164"]
[EventDate "2017.10.22"]
[EventType "team-tourn"]
[EventRounds "11"]
[EventCountry "GER"]
[SourceTitle "EXT 2019"]
[Source "ChessBase"]
[SourceDate "2018.10.10"]
[SourceVersion "1"]
[SourceVersionDate "2018.10.10"]
[SourceQuality "1"]
[WhiteTeam "Gernsheim"]
[BlackTeam "Stadtilm Blau Weiss"]
[WhiteTeamCountry "GER"]
[BlackTeamCountry "GER"]

1. d4 Nf6 2. c4 e6 3. Nc3 Bb4 4. Bg5 c5 5. d5 d6 6. e3 exd5 7. cxd5 Nbd7 8. Bd3 Qa5 9. Nge2 Nxd5 10. 0-0 Bxc3 11. bxc3 c4 12. Bc2 0-0 13. Bh4 Nxc3 14. Nxc3 Qxc3 15. Rc1 Qe5 16. Bg3 Qe6 17. Qxd6 Qxd6 18. Bxd6 Rd8 19. Bc7 Re8 20. Bd1 Nc5 21. Rxc4 b6 22. Be2 Ba6 23. Rc2 Bxe2 24. Rxe2 Rac8 25. Bf4 Rcd8 26. h3 f6 27. Rc2 Rd7 28. g4 Kf7 29. Kg2 Re4 30. Kf3 Ra4 31. Ke2 g5 32. Bh2 Ra3 33. Rd1 Rxd1 34. Kxd1 Ke6 35. Kc1 Kd5 36. Bb8 Kc6 37. Kb2 Rd3 38. Kc1 a5 39. Re2 Rd8 40. Bh2 b5 41. f4 gxf4 42. exf4 Rd3 43. h4 Rh3 44. g5 f5 45. Rc2 Kd5 46. Bg1 Nd3+ 47. Kd2 Nxf4 48. Rc5+ Ke4 49. Rxb5 Rh1 50. Bb6 Rh2+ 51. Ke1 Rxa2 52. Bxa5 Ng2+ 53. Kf1 Ne3+ 54. Kg1 Kf3 55. Bc3 Rc2 56. Bb2 Rd2 57. Rb3 f4 58. Be5 Rg2+ 59. Kh1 Rg4 60. Rb4 Rxh4+ 61. Kg1 Rg4+ 62. Kh2 Nd5 63. Rd4 Rxg5 64. Rxd5 Ke4 65. Rd7 Rh5+ 66. Kg2 Kxe5 67. Re7+ Kf6 68. Ra7 Kg6 69. Ra6+ Kf5 70. Ra7 Rg5+ 71. Kf3 Rg3+ 72. Kf2 h5 73. Rf7+ Ke5 74. Rh7 Rh3 75. Kg2 Rh4 76. Kf3 Kf6 77. Rh8 Kg7 78. Ra8 Rg4 79. Ra4 Rg3+ 80. Kf2 Rg4 81. Kf3 Rg3+ 82. Kf2 Rg4 1/2-1/2

[Event "Hessenliga 1617"]
[Site "Hessen"]
[Date "2017.04.23"]
[Round "9.1"]
[White "Schnitzspan, Lothar"]
[Black "Mazurek, Robert"]
[Result "1/2-1/2"]
[WhiteElo "2298"]
[BlackElo "2172"]
[PlyCount "107"]
[EventDate "2016.09.18"]
[EventType "team-tourn"]
[EventRounds "9"]
[EventCountry "GER"]
[SourceTitle "EXT 2018"]
[Source "ChessBase"]
[SourceDate "2017.10.13"]
[SourceVersion "1"]
[SourceVersionDate "2017.10.13"]
[SourceQuality "1"]
[WhiteTeam "Griesheim II"]
[BlackTeam "Gernsheim"]
[WhiteTeamCountry "GER"]
[BlackTeamCountry "GER"]

1. c4 e6 2. g3 Nf6 3. Bg2 d5 4. Nf3 Be7 5. 0-0 0-0 6. b3 b6 7. Bb2 Bb7 8. cxd5 exd5 9. d4 Nbd7 10. Nc3 Ne4 11. Qc2 Nxc3 12. Bxc3 Nf6 13. Rfd1 Ne4 14. Bb2 Bf6 15. Rac1 c6 16. Ne5 Bxe5 17. Bxe4 dxe4 18. dxe5 Qe7 19. Qxe4 c5 20. Qg4 Rad8 21. Rd6 h5 22. Qxh5 Rxd6 23. exd6 Qxd6 24. Qg4 f6 25. Qc4+ Bd5 26. Qd3 Qe6 27. Rd1 Bc6 28. f3 f5 29. Qc3 Rf7 30. Rd8+ Kh7 31. Qe5 Re7 32. Qxe6 Rxe6 33. Kf2 Bb5 34. e3 Re7 35. h4 Rd7 36. Rxd7 Bxd7 37. e4 fxe4 38. fxe4 Be6 39. Ke3 Kg6 40. Kf4 Kf7 41. g4 a5 42. h5 a4 43. bxa4 Bxa2 44. Bc3 Bb3 45. a5 bxa5 46. Bxa5 Bd1 47. Kf5 Bc2 48. Bb6 c4 49. Bd4 Bd1 50. e5 Bc2+ 51. Kf4 Ke6 52. g5 Bd1 53. h6 gxh6 54. gxh6 1/2-1/2

[Event "Hessenliga 1617"]
[Site "Hessen"]
[Date "2017.03.05"]
[Round "7.2"]
[White "Mazurek, Robert"]
[Black "Garzinsky, Dominik"]
[Result "0-1"]
[WhiteElo "2172"]
[BlackElo "2058"]
[PlyCount "54"]
[EventDate "2016.09.18"]
[EventType "team-tourn"]
[EventRounds "9"]
[EventCountry "GER"]
[SourceTitle "EXT 2018"]
[Source "ChessBase"]
[SourceDate "2017.10.13"]
[SourceVersion "1"]
[SourceVersionDate "2017.10.13"]
[SourceQuality "1"]
[WhiteTeam "Gernsheim"]
[BlackTeam "Niederbrechen"]
[WhiteTeamCountry "GER"]
[BlackTeamCountry "GER"]

1. d4 g6 2. c4 Bg7 3. e4 d6 4. Nc3 a6 5. Be2 Nc6 6. Be3 e5 7. Nf3 Bg4 8. dxe5 dxe5 9. Qa4 Bxf3 10. Bxf3 Nge7 11. Rd1 Qc8 12. Nd5 0-0 13. Bg5 Nxd5 14. Rxd5 Nd4 15. Bd1 c6 16. Rd6 Qc7 17. c5 Rfe8 18. 0-0 Bf8 19. Rf6 h6 20. Bh4 Kg7 21. f4 Bxc5 22. Kh1 b5 23. Rxc6 Qxc6 24. Qa5 exf4 25. Rxf4 Rxe4 26. Rf6 Qd5 27. Qc7 Rxh4 0-1

[Event "Hessenliga 1617"]
[Site "Hessen"]
[Date "2016.10.09"]
[Round "2.1"]
[White "Mazurek, Robert"]
[Black "Fromme, Ernst"]
[Result "0-1"]
[WhiteElo "2172"]
[BlackElo "2142"]
[PlyCount "93"]
[EventDate "2016.09.18"]
[EventType "team-tourn"]
[EventRounds "9"]
[EventCountry "GER"]
[SourceTitle "EXT 2018"]
[Source "ChessBase"]
[SourceDate "2017.10.13"]
[SourceVersion "1"]
[SourceVersionDate "2017.10.13"]
[SourceQuality "1"]
[WhiteTeam "Gernsheim"]
[BlackTeam "Bad Nauheim"]
[WhiteTeamCountry "GER"]
[BlackTeamCountry "GER"]

1. d4 d5 2. c4 c6 3. Nc3 Nf6 4. Nf3 g6 5. e3 Bg7 6. h3 0-0 7. Bd3 dxc4 8. Bxc4 b5 9. Bd3 b4 10. Na4 a5 11. 0-0 Ba6 12. e4 Bb5 13. Be3 Na6 14. Rc1 Qb8 15. Ne5 Rc8 16. Nc4 Nd7 17. Nc5 Naxc5 18. dxc5 Rd8 19. Qe2 Bxc4 20. Rxc4 Ne5 21. Bf4 Qa7 22. Bxe5 Bxe5 23. f4 Bxb2 24. f5 Bd4+ 25. Kh1 Qc7 26. fxg6 hxg6 27. Qf3 e6 28. e5 Rd7 29. Bxg6 fxg6 30. Qg4 Qxe5 31. Qxg6+ Rg7 32. Qd3 Bxc5 33. Re4 Qd5 34. Qe2 Re8 35. Rf6 Qg5 36. Rexe6 Ree7 37. Rxe7 Rxe7 38. Qc4+ Kg7 39. Rf1 Bd6 40. Qd4+ Be5 41. Qd8 Bf6 42. Qc8 c5 43. Qc6 Bd4 44. Qf3 Qf6 45. Qd3 Qg6 46. Qc4 Qg5 47. h4 0-1

[Event "Hessenliga 1516"]
[Site "Germany"]
[Date "2016.03.06"]
[Round "8.3"]
[White "Mazurek, Robert"]
[Black "Roosen, Holger"]
[Result "1-0"]
[WhiteElo "2172"]
[BlackElo "2219"]
[PlyCount "59"]
[EventDate "2015.09.27"]
[EventType "team-tourn"]
[EventRounds "9"]
[EventCountry "GER"]
[SourceTitle "EXT 2018"]
[Source "ChessBase"]
[SourceDate "2017.10.13"]
[SourceVersion "1"]
[SourceVersionDate "2017.10.13"]
[SourceQuality "1"]
[WhiteTeam "Gernsheim"]
[BlackTeam "Offenbach"]
[WhiteTeamCountry "GER"]
[BlackTeamCountry "GER"]

1. d4 g6 2. e4 Bg7 3. Nc3 c5 4. Nf3 cxd4 5. Nxd4 Nc6 6. Be3 Nf6 7. Be2 0-0 8. Qd2 d5 9. exd5 Nxd5 10. Nxd5 Nxd4 11. Bc4 Nf5 12. 0-0-0 Nxe3 13. Qxe3 e6 14. Nc3 Qh4 15. Qe2 Bxc3 16. bxc3 Qg5+ 17. Kb2 Qxg2 18. Rdg1 Qc6 19. h4 b5 20. Bb3 Bb7 21. h5 Rac8 22. Rh3 Qe4 23. Qxb5 Bd5 24. hxg6 hxg6 25. Qd7 Rfd8 26. Qxa7 Bxb3 27. axb3 Rd2 28. Rc1 Qf5 29. Qe3 Rxf2 30. Qh6 1-0

[Event "Hessenliga 1516"]
[Site "Germany"]
[Date "2015.11.22"]
[Round "3.5"]
[White "Dahlheimer, Bernd"]
[Black "Mazurek, Robert"]
[Result "0-1"]
[WhiteElo "2224"]
[BlackElo "2172"]
[PlyCount "114"]
[EventDate "2015.09.27"]
[EventType "team-tourn"]
[EventRounds "9"]
[EventCountry "GER"]
[SourceTitle "EXT 2018"]
[Source "ChessBase"]
[SourceDate "2017.10.13"]
[SourceVersion "1"]
[SourceVersionDate "2017.10.13"]
[SourceQuality "1"]
[WhiteTeam "Dettingen"]
[BlackTeam "Gernsheim"]
[WhiteTeamCountry "GER"]
[BlackTeamCountry "GER"]

1. Nf3 d5 2. c4 c6 3. d4 Nf6 4. Qc2 e6 5. g3 Bd6 6. Bg2 0-0 7. 0-0 Nbd7 8. Nbd2 Re8 9. Rd1 b6 10. e4 dxe4 11. Nxe4 Nxe4 12. Qxe4 Bb7 13. Ne5 Rc8 14. Nxd7 Qxd7 15. c5 Bxc5 16. Be3 Bd6 17. Rac1 Rc7 18. Qd3 Rd8 19. h4 h6 20. Qb3 Ba8 21. Rc3 Be5 22. Rcc1 Bf6 23. Be4 Rcc8 24. Qc2 Be7 25. a3 Bd6 26. b4 Rc7 27. Qe2 Qe7 28. f4 a5 29. bxa5 b5 30. a4 bxa4 31. Bc2 a3 32. Qd3 f5 33. Bb3 Kh8 34. Qc4 Re8 35. a6 Qf7 36. Re1 Qh5 37. Bd1 Qg6 38. Kf2 Rb8 39. Bb3 Re7 40. Bd2 Qg4 41. Bd1 Qh3 42. Rg1 c5 43. Bf3 Bxf3 44. Kxf3 Qg4+ 45. Kf2 Rb2 46. Rc2 Rxc2 47. Qxc2 Rd7 48. dxc5 Bxc5+ 49. Be3 Bxe3+ 50. Kxe3 Kh7 51. Qa4 Ra7 52. Qxa3 e5 53. Qa1 exf4+ 54. gxf4 Re7+ 55. Kd3 Qe2+ 56. Kc3 Rc7+ 57. Kb4 Qc4+ 0-1